Т. 15 (2) : Соединительная-Сухой; Новая Российская энциклопедия

Bibliografische gegevens
Parent link:Новая Российская энциклопедия/ гл. ред. А. Д. Некипелов. Т. 15 (2) : Соединительная-Сухой.— , 2003-.— 5-94802-001-0
Samenvatting:Новая Российская энциклопедия (НРЭ) - фундаментальное универсальное справочно-информационное издание, представляющее читателям картину мира, отражающую современное состояние научного знания. Алфавитную часть энциклопедии открывает второй том. Всего в энциклопедии будет опубликовано св. 60 тыс. статей, в т.ч. ок. 30 тыс. биографий, более 10 тыс. иллюстраций, карт, диаграмм, схем и таблиц. Новая Российская энциклопедия ориентирована на широкие круги читателей: от школьников и студентов до специалистов по различным отраслям знаний, деятелей культуры, политиков, предпринимателей.
Taal:Russisch
Gepubliceerd in: 2016
Onderwerpen:
Formaat: Boek
KOHA link:https://koha.lib.tpu.ru/cgi-bin/koha/opac-detail.pl?biblionumber=301475

MARC

LEADER 00000nam2a2200000 4500
001 301475
005 20231102001415.0
010 |a 9785948020624 
010 |a 978-5-16-011046-2 
035 |a (RuTPU)RU\TPU\book\326647 
090 |a 301475 
100 |a 20150731d2016 km y0rusy50 ca 
101 0 |a rus 
102 |a RU 
105 |a a f 000zy 
200 0 |a Т. 15 (2) : Соединительная-Сухой 
210 |d 2016 
215 |a 495 с.  |c ил. 
330 |a Новая Российская энциклопедия (НРЭ) - фундаментальное универсальное справочно-информационное издание, представляющее читателям картину мира, отражающую современное состояние научного знания. Алфавитную часть энциклопедии открывает второй том. Всего в энциклопедии будет опубликовано св. 60 тыс. статей, в т.ч. ок. 30 тыс. биографий, более 10 тыс. иллюстраций, карт, диаграмм, схем и таблиц. Новая Российская энциклопедия ориентирована на широкие круги читателей: от школьников и студентов до специалистов по различным отраслям знаний, деятелей культуры, политиков, предпринимателей. 
461 1 |0 (RuTPU)RU\TPU\book\60725  |y 5-94802-001-0  |y 978-5-94802-001-3  |y 5-16-002383-6  |y 978-5-16-002383-0  |t Новая Российская энциклопедия  |f гл. ред. А. Д. Некипелов  |v Т. 15 (2) : Соединительная-Сухой  |d 2003-  
606 1 |a Энциклопедии  |2 stltpush  |3 (RuTPU)RU\TPU\subj\21381  |9 46387 
610 1 |a справочные издания 
610 1 |a термины 
610 1 |a понятия 
610 1 |a персоналии 
610 1 |a государственные деятели 
610 1 |a история 
610 1 |a география 
610 1 |a политика 
610 1 |a культура 
686 |a Я20  |v LBC/SL-A  |2 rubbk 
801 1 |a RU  |b 63413507  |c 20150731 
801 2 |a RU  |b 63413507  |c 20191112  |g RCR 
942 |c BK 
959 |a 92/20150730  |d 1  |e 1500,00  |f ЧЗГЛ:1